00848cam a22002651 4500001001300000003000400013005001700017008004100034010001700075035001900092040003300111042001200144050001600156082001000172086001900182100002100201245002800222260009200250300002100342410011600363500001600479650004700495650002300542999001700565hew60000096 DLC20260227111510.0750408s1960 dcu 000 0 eng  ahew60000096  a(OCoLC)1260971 aDLCcTxU-DadISSdOCoLCdDLC apremarc00aLB2341b.D8 a378.10 aFS 5.250:500131 aDuryea, Edwin D.10aManagement of learning. a[Washington]bU.S. Dept. of Health, Education, and Welfare, Office of Educationc[1960] av, 37 p.c23 cm.10aUnited States.bOffice of Education.bDivision of Higher Education.tNew dimensions in higher education,vno. 5 a"OE-50013." 0aUniversities and collegesxAdministration. 0aEducation, Higher. c34258d34258